| 000 | 00894nam a2200265Ia 4500 | ||
|---|---|---|---|
| 003 | OSt | ||
| 005 | 20220923230959.0 | ||
| 006 | a|||||r|||| 00| 0 | ||
| 007 | ta | ||
| 008 | 220922b |||||||| |||| 00| 0 pan d | ||
| 020 | _c500 | ||
| 024 | _a330,958 | ||
| 037 |
_bSP/5382, 17/03/2018, Star Publications (Pvt.) Ltd. _cTextual |
||
| 040 |
_aARTS _cARTS _bpan |
||
| 041 |
_2pan _apan |
||
| 082 | _aO153,3N332,ST, Q7 | ||
| 100 | _aਸੁਖਬੀਰ, ਂਚ. | ||
| 245 | 0 | _aਸੜਕਾਂ ਤੇ ਕਮਰੇ | |
| 260 |
_aਦਿੱਲੀ _b ਆਰਸੀ ਪਬਲਿFਰਗ਼ _c2017 |
||
| 300 |
_a455ਪ0 _ccm. |
||
| 650 | _a ਪੰਜਾਬੀ ਕਹਾਣੀ | ||
| 650 | _aਪੰਜਾਬੀ ਸਾਹਿਤ | ||
| 942 |
_hO153,3N332,ST, Q7 _cTEXL _2CC |
||
| 999 |
_c388573 _d388573 |
||